000 00755nam a22002417a 4500
005 20170124110106.0
010 _aA-953300
020 _c00.00
035 _aA-953300
037 _bCen Lib/Ret
040 _aDPL
_bEN
082 _a954.0841
_bBHA
100 _aBhaskaran, Krishnan
_928194
245 _aQuit India movement a peoples revolt in Maharashtra /
_cby Krishnan Bhaskaran
260 _aMumbai
_bHimalaya Publishing House
_c1999
270 _aRamdoot,Dr.Bhalerao Marg Girgaon
_bMumbai
_e400004
300 _a257p.
_c20cm(Hb)
500 _aIncludes bibliographical reference
650 _aPolitical science
_928195
650 _aIndia--Maharashtra
_zIndia
_928196
700 _928179
942 _2ddc
_cEN
_h954.0841
_mBHA
999 _c130071
_d130071